Score 0/24 Timer 07:00
0 Plays Today
Hint Answer % Correct
What a barometer measuresatmospheric pressure
79.3%
Iconic Don McLean song, or a series of raunchy teen moviesAmerican Pie
78.4%
Foreigner who works as a live-in nannyau pair
76.5%
Golfer who won 7 majors, or his eponymous lemonade/iced tea drinkArnold Palmer
75.5%
Titular spy in a series of Mike Myers spoof moviesAustin Powers
72.3%
College Board program offering college-level courses to high school studentsAdvanced Placement
59.7%
System that can keep a vehicle on course without human interventionautomatic pilot
59.5%
Portrays Leslie Knope on 'Parks and Recreation'Amy Poehler
57%
Environmental concern of which smog is a common manifestationair pollution
56.1%
Non-tenured university instructorassistant professor
50.8%
2012 NFL MVP nicknamed Purple JesusAdrian Peterson
45.3%
Actor who played Norman Bates in 'Psycho'Anthony Perkins
45.1%
Hint Answer % Correct
Money owed by a company to its creditors, on a balance sheetaccounts payable
44.6%
English prog rocker with a namesake 'project'Alan Parsons
38%
South American capital (and its country)Asunción, Paraguay
35.2%
The cost of an item set by the sellerasking price
34.7%
Longtime left-handed pitcher for the Yankees and AstrosAndy Pettitte
31.6%
Chilean dictator from 1973-90Augusto Pinochet
29.3%
City on the Jersey Shore mentioned in the title of Bruce Springsteen's first albumAsbury Park
28.6%
Law of buoyancy named for an ancient mathematicianArchimedes's principle
22.7%
Ballerina famed for 'The Dying Swan'Anna Pavlova
20.3%
Nonphysical realm that séances attempt to contactastral plane
17.4%
Helium-4 nucleus emitted in radioactive decaysalpha particle
15.6%
Russian author of 'Eugene Onegin' and 'The Queen of Spades'Aleksandr Pushkin
12.1%

You're not logged in!

Compare scores with friends on all Sporcle quizzes.
OR
Log In

Sporcle TV

Today on Sporcle TV


Watch our educational content, quiz creation guides, and fun videos on Sporcle TV.

Show Comments

Extras

Top Quizzes Today


Score Distribution

Paid Content

Your Account Isn't Verified!

In order to create a playlist on Sporcle, you need to verify the email address you used during registration. Go to your Sporcle Settings to finish the process.

Report this User

Report this user for behavior that violates our Community Guidelines.

Details: